| Tag |
First Indicator |
Second Indicator |
Subfields |
| LEADER |
00000cam a2200000 a 4500 |
| 001 |
in00000035127 |
| 005 |
20151007055309.0 |
| 008 |
870805s1987 ne a b 00100 eng |
| 010 |
|
|
|a 87022305
|
| 020 |
|
|
|a 1556080484
|
| 020 |
|
|
|z 1556080492 (pbk.)
|
| 035 |
|
|
|a (OCoLC)16683639
|
| 035 |
|
|
|9 AAB7831AM
|
| 040 |
|
|
|a DLC
|c DLC
|d TXA
|d UtOrBLW
|
| 049 |
|
|
|a TXAM
|c [A11088319]
|
| 050 |
0 |
0 |
|a P325.5.C65
|b S58 1987
|
| 082 |
0 |
|
|a 415
|2 19
|
| 245 |
0 |
0 |
|a Situations, language and logic /
|c by Jens Erik Fenstad [and others].
|
| 264 |
|
1 |
|a Dordrecht ;
|a Boston :
|b D. Reidel Pub. Co. ;
|c [1987]
|
| 264 |
|
2 |
|a Norwell, MA, U.S.A. :
|b Sold and distributed in the U.S.A. and Canada by Kluwer Academic Publishers,
|
| 264 |
|
4 |
|c ©1987
|
| 300 |
|
|
|a viii, 186 pages :
|b illustrations ;
|c 23 cm.
|
| 336 |
|
|
|a text
|b txt
|2 rdacontent
|
| 337 |
|
|
|a unmediated
|b n
|2 rdamedia
|
| 338 |
|
|
|a volume
|b nc
|2 rdacarrier
|
| 490 |
1 |
|
|a Studies in linguistics and philosophy ;
|v v. 34
|
| 504 |
|
|
|a Bibliography: pages 177-181.
|
| 500 |
|
|
|a Includes index.
|
| 650 |
|
0 |
|a Linguistics.
|
| 650 |
|
0 |
|a Semantics.
|
| 700 |
1 |
|
|a Fenstad, Jens Erik.
|
| 830 |
|
0 |
|a Studies in linguistics and philosophy ;
|v v. 34.
|
| 999 |
|
|
|a MARS
|
| 999 |
f |
f |
|s edff5997-7da2-3109-a5c4-eff4364fe3d7
|i e93e974b-eb75-3f7b-b2f1-73dca1dae451
|t 0
|
| 952 |
f |
f |
|p ric
|a Texas A&M University
|b Rellis Campus
|c Joint Library Facility
|s JLF
|d Remote Storage
|t 0
|e P325.5.C65 S58 1987
|h Library of Congress classification
|i unmediated -- volume
|m A14811088319
|
| 998 |
f |
f |
|a P325.5.C65 S58 1987
|t 0
|l Remote Storage
|